Score 0/20 Timer 02:00
0 Plays Today
Title Game or Album? (G/A) % Correct
The Legend of Zelda???
91.2%
Metal Gear Solid???
88.5%
Tom Clancy's Ghost Recon???
88.2%
Ratchet & Clank???
83.2%
Appetite For Destruction???
77%
Just Dance???
74.2%
Copperhead Road???
73.8%
The Sufferer & The Witness???
73.4%
Guns Don’t Kill People…Lazers Do???
70.7%
Good Kid, M.A.A.D City???
69.9%
Title Game or Album? (G/A) % Correct
Revolver???
69.6%
Jaded Future???
67%
Vices & Virtues???
66.9%
Robotron: 2084???
66%
Free the Universe???
63.6%
The Blueprint 3???
62.6%
Threads of Fate???
52.8%
Eternal Sonata???
51.1%
Arctic Thunder???
50.1%
Atomic Punk???
27.8%
Remove Ads.
Support Sporcle.
Get the best of Sporcle when you Go Orange. This ad-free experience offers more features, more stats, and more fun while also helping to support Sporcle. Thank you for becoming a member.

You're not logged in!

Compare scores with friends on all Sporcle quizzes.
OR
Log In

Show Comments

Extras

Top Quizzes Today


Score Distribution

Your Account Isn't Verified!

In order to create a playlist on Sporcle, you need to verify the email address you used during registration. Go to your Sporcle Settings to finish the process.

Report this User

Report this user for behavior that violates our Community Guidelines.

Details: